000 00407nam a2200157Ia 4500
008 140424s9999 xx 000 0 und d
100 _aSyam Nadh E.G (92211020)
245 _aModeling of cassava productivity in Kerala
502 _bMSCS
502 _c2011-2013
502 _dInternal
502 _eT.K Manoj Kumar
650 _aCASSAVA CULTIVATION
650 _aKERALA
650 _aMATHEMATICAL MODELING
999 _c4349
_d4349